000 00342nam a2200121Ia 4500
008 190722s9999 xx 000 0 und d
020 _a978-93-5119-907-6
100 _aDT Editorial Services
245 0 _aHTML5 Covers CSS3,JavaScript,XML,XHTML,AJAX,PHP and Jquery
260 _aDelhi
_bDreamtech Press
_c2017
300 _a1218
942 _cBK
999 _c1166
_d1166